Paesi dell'America del Nord e Caraibi - Statistics

Statistiche generali
  • Questo quiz è stato fatto 384 volte
  • Il punteggio medio è 17 su 23
Risposte nella Mappa
Le risposte nella mappa del quiz sottostante sono codificate secondo una scala di colori dal rosso al verde in base alla % di persone che hanno risposto correttamente.
 
Statistiche sulle risposte
Risposta % Corretto
canada
100%
messico
99%
stati uniti
99%
cuba
95%
panama
87%
haiti
81%
el salvador
79%
guatemala
79%
costa rica
78%
bahamas
77%
giamaica
76%
nicaragua
76%
honduras
75%
dominica
73%
belize
70%
barbados
67%
trinidad e tobago
64%
antigua e barbuda
61%
santa lucia
61%
grenada
57%
saint kitts e nevis
55%
saint vincent e grenadine
54%
republica dominicana
22%
Nessun quiz corrispondente trovato
Distribuzione punteggi
Percentuale di utenti per punteggio
Percentile per numero di risposta
I tuoi punteggi nel tempo
Non hai fatto questo quiz